000 00806cam a2200253 4500
008 090401t1996 xxu||||| |||| 00| 0 eng d
020 _a0708313035
035 _a(Sirsi) u71779
041 _aeng
050 _a639.9
245 _aNature conservation and countryside law.
260 _aAberystwyth
_bUniversity of Wales Press
_c1996
300 _axi,232p. ; 24cm.
350 _a35
520 _aA collection of papers examining the various aspects of conservation and the law, examining such areas as habitat protection, access and alternative land use.
650 _aCONSERVATION LAW
650 _aCOUNTRYSIDE
650 _aEnvironment
_96238
650 _aNATURE CONSERVATION
690 _aCONSERVATION
700 _aRodgers, Christopher P.
_xEditor
942 _n0
948 _c04/03/1997
999 _c95435
_d95435